Conferencia económica de la Organización de los Estado Americanos /

Uloženo v:
Podrobná bibliografie
Korporativní autor: Conferencia Económica de la Organización de los Estado Americanos ( Buenos Aires, Argentina)
Médium: Konferenční příspěvek Kniha
Jazyk:španělština
Vydáno: México : Secretaría de Hacienda y Crédito Público, Dirección General de Prensa, Memoria, Bibliotecas y Publicaciones, 1958
Tagy: Přidat tag
Žádné tagy, Buďte první, kdo vytvoří štítek k tomuto záznamu!

MARC

LEADER 00000nam^a2200000^a^4500
001 000434297
005 20250526000000.0
009 20260310123101.936
037 |a Acervo ITESO - Biblioteca 
041 |a ESP 
091 |a FHM. 06992 
111 |a Conferencia Económica de la Organización de los Estado Americanos (  |d 1957 :  |c Buenos Aires, Argentina) 
245 1 0 |a Conferencia económica de la Organización de los Estado Americanos / 
264 1 |a México :  |b Secretaría de Hacienda y Crédito Público, Dirección General de Prensa, Memoria, Bibliotecas y Publicaciones,  |c 1958 
300 |a 301 p. ;  |c 23.0 cm. 
336 |a texto  |b txt  |2 rdacontenido 
337 |a sin mediación  |b n  |2 rdamedio 
338 |a volumen  |b nc  |2 rdasoporte 
649 |a XX 
910 |a Fondo Hugo B. Margáin 
920 |a Impresos - Libros 
930 |a Libros Antiguos y Raros 
905 |a 126 
901 |a 0500305455  |b IT2  |c LRA  |i D109169  |u 20250526 
902 |a https://opac.biblio.iteso.mx/vufind/Record/000434297